000 00547nam a2200229Ia 4500
003 OSt
005 20220924152456.0
006 a|||||r|||| 00| 0
007 ta
008 220923b |||||||| |||| 00| 0 mar d
024 _a342671
037 _cTextual
040 _aARTS
_cARTS
_bmar
041 _2mar
_amar
082 _aV235.M1, 155E6
100 _aDuff
_9226771
245 0 _aMarathyanchi bkhar
260 _c1916
650 _aHISTORY
942 _hV235.M1, 155E6
_cTEXL
_2CC
999 _c469955
_d469955